[Event "ROM-chT Blitz"]
[Site "Sebes"]
[Date "2022.12.04"]
[Round "5.16"]
[White "Mainescu, Andrei Cristian"]
[Black "Bulau, Andrei Cristian"]
[Result "1-0"]
[WhiteElo "1860"]
[BlackElo "2154"]
[PlyCount "63"]
[EventDate "2022.12.04"]
[EventType "team-swiss (blitz)"]
[EventRounds "8"]
[EventCountry "ROU"]
[SourceTitle "CBM 211 Extra"]
[Source "ChessBase"]
[SourceDate "2023.01.31"]
[SourceVersion "1"]
[SourceVersionDate "2023.01.31"]
[SourceQuality "1"]
[WhiteTeam "Bucharest CSU"]
[BlackTeam "Techirghiol Victoria"]
[WhiteTeamCountry "ROU"]
[BlackTeamCountry "ROU"]

1. e4 c5 2. Nf3 Nc6 3. c3 Nf6 4. e5 Nd5 5. d4 cxd4 6. cxd4 e6 7. Nc3 Nxc3 8. bxc3 d6 9. exd6 Bxd6 10. Bd3 Ne7 11. 0-0 Ng6 12. Ng5 Qc7 13. h3 Bd7 14. Ne4 Bh2+ 15. Kh1 Bf4 16. Ba3 Bc6 17. Re1 0-0-0 18. Qe2 Rhe8 19. Rab1 f5 20. Nc5 Nh4 21. f3 e5 22. Qc2 g6 23. Bc4 Rd6 24. d5 Bxd5 25. Bxd5 Rxd5 26. Rxb7 Qc6 27. Reb1 e4 28. fxe4 Rxc5 29. Bxc5 Qxc5 30. Qa4 Rd8 31. Qa6 Qf2 32. Rf7# 1-0

[Event "ROM-chT Rapid"]
[Site "Sebes"]
[Date "2022.12.03"]
[Round "5.24"]
[White "Mainescu, Andrei Cristian"]
[Black "Carac, Radu Ionut"]
[Result "1-0"]
[WhiteElo "1860"]
[BlackElo "1569"]
[PlyCount "57"]
[EventDate "2022.12.03"]
[EventType "team-swiss (rapid)"]
[EventRounds "8"]
[EventCountry "ROU"]
[SourceTitle "CBM 211 Extra"]
[Source "ChessBase"]
[SourceDate "2023.01.31"]
[SourceVersion "1"]
[SourceVersionDate "2023.01.31"]
[SourceQuality "1"]
[WhiteTeam "Bucharest CSU"]
[BlackTeam "Medgidia"]
[WhiteTeamCountry "ROU"]
[BlackTeamCountry "ROU"]

1. e4 c5 2. Nf3 e6 3. g3 a6 4. a4 b6 5. Bg2 Bb7 6. Nc3 d6 7. d4 cxd4 8. Nxd4 Nf6 9. 0-0 Qc7 10. f4 Nbd7 11. f5 e5 12. Nb3 Nc5 13. Qe2 Be7 14. Nxc5 bxc5 15. g4 h6 16. Be3 Bc6 17. b3 Qb7 18. Bf2 Qb4 19. Be1 Qb7 20. Rd1 0-0-0 21. Nd5 Bxd5 22. exd5 g6 23. Rb1 Qa7 24. b4 Nd7 25. b5 a5 26. b6 Nxb6 27. Qb5 Na8 28. f6 Bf8 29. g5 1-0

[Event "EU-ch U12 27th"]
[Site "Mamaia"]
[Date "2017.09.08"]
[Round "4"]
[White "Mainescu, Andrei Cristian"]
[Black "Metcalfe, Charlie P"]
[Result "1-0"]
[WhiteElo "1677"]
[BlackElo "1800"]
[PlyCount "99"]
[EventDate "2017.09.05"]
[EventType "swiss"]
[EventRounds "9"]
[EventCountry "ROU"]
[SourceTitle "CBM 180 Extra"]
[Source "ChessBase"]
[SourceDate "2017.10.06"]
[SourceVersion "1"]
[SourceVersionDate "2017.10.06"]
[SourceQuality "1"]

1. e4 e6 2. d4 d5 3. Nd2 dxe4 4. Nxe4 Nd7 5. Nf3 Ngf6 6. Bd3 c5 7. 0-0 Nxe4 8. Bxe4 Be7 9. Re1 Nf6 10. Bd3 0-0 11. dxc5 Bxc5 12. Bg5 Qb6 13. Qd2 Nd5 14. c3 Bd7 15. b4 Bd6 16. a3 f6 17. Be3 Nxe3 18. Qxe3 Qxe3 19. Rxe3 Bf4 20. Re2 Rac8 21. c4 g6 22. g3 Bh6 23. c5 e5 24. Bc4+ Kg7 25. Nd2 Rfe8 26. Ne4 Be6 27. Bxe6 Rxe6 28. Rd1 Re7 29. Nd6 Rcc7 30. Rc2 f5 31. Nb5 Rcd7 32. Rxd7 Rxd7 33. Nxa7 Kf6 34. b5 Bf8 35. c6 bxc6 36. bxc6 Rxa7 37. c7 Rxc7 38. Rxc7 Bxa3 39. Rxh7 g5 40. Kg2 f4 41. Kf3 Bc5 42. Rh6+ Kf7 43. Rc6 Be7 44. Ke4 Bf6 45. Kf5 Be7 46. Kxe5 fxg3 47. hxg3 Kg7 48. Rc7 Kh6 49. Rxe7 g4 50. Kf5 1-0

[Event "ROM-ch U10"]
[Site "Calimanesti Caciulata"]
[Date "2016.04.20"]
[Round "3"]
[White "Mainescu, Andrei Cristian"]
[Black "Coman, Gabriel Flavius"]
[Result "1/2-1/2"]
[WhiteElo "1506"]
[BlackElo "1378"]
[PlyCount "76"]
[EventDate "2016.04.18"]
[EventType "swiss"]
[EventRounds "9"]
[EventCountry "ROU"]
[SourceTitle "CBM 172 Extra"]
[Source "ChessBase"]
[SourceDate "2016.06.21"]
[SourceVersion "1"]
[SourceVersionDate "2016.06.21"]
[SourceQuality "1"]

1. e4 c5 2. Nf3 d6 3. Bb5+ Nd7 4. c3 a6 5. Ba4 b5 6. Bc2 Bb7 7. 0-0 Ngf6 8. Re1 e6 9. d4 cxd4 10. cxd4 Be7 11. Nc3 0-0 12. Qd3 g6 13. Bh6 Re8 14. a3 Bf8 15. Bg5 Be7 16. Rad1 Nb6 17. Qe2 Qd7 18. Bb3 Rac8 19. Ne5 Qc7 20. Nf3 Qd8 21. h3 Nxe4 22. Nxe4 Bxe4 23. Bxe7 Bxf3 24. Bxd8 Bxe2 25. Bxb6 Bxd1 26. Rxd1 Rc6 27. Ba5 Rec8 28. Bc3 d5 29. Kh2 Ra8 30. Bb4 a5 31. Bc5 Rd8 32. f4 Rdc8 33. Rc1 h5 34. g4 hxg4 35. hxg4 Kg7 36. Kg3 R6c7 37. f5 gxf5 38. gxf5 Rc6 1/2-1/2

[Event "ROM-ch U10"]
[Site "Calimanesti"]
[Date "2015.04.02"]
[Round "5"]
[White "Mainescu, Andrei Cristian"]
[Black "Buca, Dragos Stefan"]
[Result "1-0"]
[WhiteElo "1373"]
[BlackElo "1098"]
[PlyCount "75"]
[EventDate "2015.03.30"]
[EventType "swiss"]
[EventRounds "9"]
[EventCountry "ROU"]
[SourceTitle "CBM 165 Extra"]
[Source "ChessBase"]
[SourceDate "2015.04.21"]
[SourceVersion "1"]
[SourceVersionDate "2015.04.21"]
[SourceQuality "1"]

1. e4 d5 2. exd5 Qxd5 3. Nc3 Qa5 4. d4 c6 5. Bc4 Bf5 6. Bd2 Qc7 7. Nf3 Nd7 8. Qe2 e6 9. d5 Be7 10. dxe6 fxe6 11. Bxe6 Bxe6 12. Qxe6 0-0-0 13. 0-0-0 Re8 14. Kb1 Ngf6 15. Qc4 Bc5 16. Bf4 Qb6 17. Na4 Qa5 18. Nxc5 Qxc5 19. Qxc5 Nxc5 20. Ng5 Re2 21. Nf7 Rf8 22. Nd6+ Kc7 23. Nb5+ Kb6 24. Nc3 Rxf2 25. Be3 Rf5 26. Na4+ Kb5 27. Nxc5 b6 28. Ne6 Re5 29. Nxf8 Rxe3 30. Nd7 Ne4 31. Rhe1 Rxe1 32. Rxe1 Nd2+ 33. Kc1 Nc4 34. b3 Nd6 35. c4+ Kb4 36. Kb2 b5 37. Re5 bxc4 38. a3# 1-0